pays se terminant par -an - Statistiques

Statistiques générales
  • Ce quiz a été pris 155 fois
    122 depuis la dernière actualisation
  • Le résultat moyen est 10 sur 14
Statistiques - réponses
Hint Réponse % Correct
10 Pakistan
92%
1 Afghanistan
91%
9 Ouzbékistan
89%
13 Turkménistan
89%
5 Kazakhstan
85%
12 Tadjikistan
81%
6 Kirghizistan
79%
2 Azerbaïdjan
72%
4 Iran
69%
7 Liban
54%
8 Oman
54%
3 Bhoutan
53%
11 soudan
42%
14 Vatican
34%
Aucun quiz correspondant
Distribution des résultats
% des personnes avec chaque résultat
Percentile par nombre de réponses
Votre historique - résultats
Vous n’avez pas pris ce quiz depuis la dernière actualisation